Earth Moves /
Enregistré dans:
| Auteur principal: | |
|---|---|
| Autres auteurs: | |
| Format: | Livre |
| Langue: | anglais |
| Publié: |
Cambridge :
Massachusetts Institute of Technology,
1995
|
| Édition: | 1. vydanie |
| Collection: | Writing Architecture
|
| Sujets: | |
| Tags: |
Pas de tags, Soyez le premier à ajouter un tag!
|
MARC
| LEADER | 00000nam a22000003a 4500 | ||
|---|---|---|---|
| 001 | 0090193 | ||
| 003 | SK-STU | ||
| 005 | 20210907163103.9 | ||
| 007 | ta | ||
| 008 | 210907s ----xo-----e------000-0-----d | ||
| 020 | |a 978-0-262-53130-6 | ||
| 040 | |a STU |b slo | ||
| 041 | 0 | |a eng | |
| 044 | |a xxu | ||
| 100 | 1 | |a Cache, Bernard |4 aut | |
| 245 | 1 | 0 | |a Earth Moves / |c aut. Bernard Cache ; ed. Michael Speaks |
| 250 | |a 1. vydanie | ||
| 260 | |a Cambridge : |b Massachusetts Institute of Technology, |c 1995 | ||
| 300 | |a 156 s. | ||
| 490 | 0 | |a Writing Architecture | |
| 650 | 0 | 7 | |a filozofia architektúry |
| 650 | 0 | 7 | |a architektúra |
| 650 | 0 | 7 | |a vizuálne vnímanie |
| 650 | 0 | 7 | |a teória architektúry |
| 700 | 1 | |a Speaks, Michael |4 edt | |
| 996 | |b 284AU08974 |c A* 12254/U |l AAKNST |s P |a 0 |w 0090193_0001 | ||
| 996 | |b 284AU08975 |c A* 12255/U |l AAKNAR |s A |a 24 |w 0090193_0002 | ||